000 00353nam a2200145Ia 4500
005 20250401085943.0
008 240331s9999 xx 000 0 und d
082 _bTHI
_a894
100 _aThimilaith T
245 0 _aManchu nee malai muhil alla
260 _aBatticaloa
_bSt Sabastian Achagam
_c1988
300 _a172 p .,
650 _aNovel
942 _cL
999 _c4183
_d4183